000 00586nam a2200181 i 4500
001 25090
003 ES-MaACL
005 20230906153207.0
007 t|
008 021220s1850 fr ||||1| lat d
100 1 _aApiano.
_922092
245 1 0 _aApiani Alexandrini romanarum historiarum quae supersunt graece et latine cum indicibus
_b= Appianoy adexandpeons Ponmaïkonn istopionn ta sonromena.
260 _aParis :
_bFirmin Didot,
_c1850.
300 _a616 p. ;
_c26 cm.
546 _aTexto paralelo en griego y latín.
597 _aTexto a dos col.
852 _aES-MaACL
_jB-2491
999 _c25090
_d25090